Financial markets and institutions. / (Record no. 744)
[ view plain ]
| 000 -LEADER | |
|---|---|
| fixed length control field | 02128nam a22002177a 4500 |
| 008 - FIXED-LENGTH DATA ELEMENTS--GENERAL INFORMATION | |
| fixed length control field | 120420t xxu||||| |||| 00| 0 eng d |
| 020 ## - INTERNATIONAL STANDARD BOOK NUMBER | |
| International Standard Book Number | 0321308123 |
| 050 ## - LIBRARY OF CONGRESS CALL NUMBER | |
| Classification number | HG181.M558 |
| 100 ## - MAIN ENTRY--PERSONAL NAME | |
| Personal name | Mishkin, Frederic S. |
| 245 ## - TITLE STATEMENT | |
| Title | Financial markets and institutions. / |
| Statement of responsibility, etc. | Frederic S, Mishkin and Stanley G. Eakins. |
| 250 ## - EDITION STATEMENT | |
| Edition statement | 5th ed. |
| 260 ## - PUBLICATION, DISTRIBUTION, ETC. | |
| Place of publication, distribution, etc. | Boston : |
| Name of publisher, distributor, etc. | Pearson Addison Wesley, |
| Date of publication, distribution, etc. | 2006. |
| 300 ## - PHYSICAL DESCRIPTION | |
| Extent | xxxix, 672 + various pagings : |
| Other physical details | col. ill. ; |
| Dimensions | 27 cm. |
| 440 ## - SERIES STATEMENT/ADDED ENTRY--TITLE | |
| Title | Addison-Wesley series in finance. |
| 500 ## - GENERAL NOTE | |
| General note | Includes glossary and index. |
| 505 ## - FORMATTED CONTENTS NOTE | |
| Formatted contents note | Contents: Part One: Introduction: Why study financial markets and institutions? -- Overview of the financial system -- Part Two: Fundamentals of financial markets: What do interest rates mean and what is their role in valuation? -- Why do interest rates change? -- How do risk and term structure affect interest rates? -- Are financial markets efficient? -- Part Three: Central banking and the conduct of monetary policy: Structure of central banks and the federal reserve system -- Conduct of monetary policy:tools, goals, and targets -- Part Four: Financial markets: The Money markets -- The Bond market -- The Stock market -- The Mortgage markets -- The Foreign exchange market -- The International financial system -- Part Five: Fundamentals of financial institutions: Why do financial institutions exist? -- What should be done about conflicts of interest in the financial industry? -- Part Six: The Financial institutions industry: Banking and the management of financial institutions -- Commercial banking industry:structure and competition -- Savings association and credit unions -- Banking regulation -- The Mutual fund industry -- Insurance companies and pension funds -- Investment banks, security brokers and dealers, and venture capital firms -- Part Seven: The Management of financial institutions: Risk management in financial institutions -- Hedging with financial derivatives -- Finance companies. |
| 650 ## - SUBJECT ADDED ENTRY--TOPICAL TERM | |
| Topical term or geographic name entry element | Financial institutions |
| General subdivision | United States |
| 650 ## - SUBJECT ADDED ENTRY--TOPICAL TERM | |
| Topical term or geographic name entry element | Money |
| General subdivision | United States |
| 700 ## - ADDED ENTRY--PERSONAL NAME | |
| Personal name | Eakins, Stanley G. |
| 942 ## - ADDED ENTRY ELEMENTS (KOHA) | |
| Source of classification or shelving scheme | Library of Congress Classification |
| Koha item type | Books |
| Withdrawn status | Lost status | Source of classification or shelving scheme | Damaged status | Not for loan | Home library | Current library | Shelving location | Date acquired | Total Checkouts | Full call number | Barcode | Date last seen | Copy number | Price effective from | Koha item type |
|---|---|---|---|---|---|---|---|---|---|---|---|---|---|---|---|
| Library of Congress Classification | WISCONSIN INTERNATIONAL UNIVERSITY COLLEGE, GHANA - MAIN LIBRARY | WISCONSIN INTERNATIONAL UNIVERSITY COLLEGE, GHANA - MAIN LIBRARY | Reference | 20/04/2012 | HG181.M558 | 1755/12 | 20/04/2012 | 1 | 20/04/2012 | Books | |||||
| Library of Congress Classification | WISCONSIN INTERNATIONAL UNIVERSITY COLLEGE, GHANA - MAIN LIBRARY | WISCONSIN INTERNATIONAL UNIVERSITY COLLEGE, GHANA - MAIN LIBRARY | Reference | 20/04/2012 | HG181.M5581 | 7069/86/13 | 26/09/2018 | 2 | 20/04/2012 | Books |
